000 00503cam a2200217 4500
001 B2921
008 090401t1990 xxu||||| |||| 00| 0 eng d
035 _a(Sirsi) u52903
041 _aeng
050 _a711.552
110 _aFocus
_93296
245 _aFocus on retail demand
260 _aLondon
_bProperty Intelligence plc
_c1990
300 _a(4)p. ; 30cm.
350 _a0
490 _aResearch Briefing
_v1
650 _aFLOORSPACE
650 _aSHOPS
942 _n0
948 _c04/03/1997
999 _c93188
_d93188